Acoustics waves and oscillations (Record no. 8233)
[ view plain ]
| 000 -LEADER | |
|---|---|
| fixed length control field | 00272nam a22001217a 4500 |
| 003 - CONTROL NUMBER IDENTIFIER | |
| control field | OSt |
| 005 - DATE AND TIME OF LATEST TRANSACTION | |
| control field | 20201007101645.0 |
| 008 - FIXED-LENGTH DATA ELEMENTS--GENERAL INFORMATION | |
| fixed length control field | 201007b ||||| |||| 00| 0 eng d |
| 020 ## - INTERNATIONAL STANDARD BOOK NUMBER | |
| International Standard Book Number | 8122402666 |
| 082 ## - DEWEY DECIMAL CLASSIFICATION NUMBER | |
| Classification number | 534 |
| Item number | SEN |
| 245 ## - TITLE STATEMENT | |
| Title | Acoustics waves and oscillations |
| 942 ## - ADDED ENTRY ELEMENTS (KOHA) | |
| Source of classification or shelving scheme | |
| Withdrawn status | Lost status | Source of classification or shelving scheme | Damaged status | Koha normalized classification for sorting | Not for loan | Permanent location | Current location | Date acquired | Full call number | Barcode | Date last seen | Price effective from | Koha item type |
|---|---|---|---|---|---|---|---|---|---|---|---|---|---|
| 534_000000000000000_SEN | BMS College of Architecture, Design and Planning | BMS College of Architecture, Design and Planning | 2020-10-07 | 534 SEN | CL-UG39377 | 2020-10-07 | 2020-10-07 | UG Books from CL |